New Zealand Rugby All Blacks - Captains Picture Quiz - Statistics

General Stats
  • This quiz has been taken 51 times
  • The average score is 11 of 15
Answer Stats
Picture Answer % Correct
Richie McCaw
98%
Kieran Read
94%
Sam Whitelock
94%
Ben Smith
87%
Keven Mealamu
87%
Tana Umaga
87%
Justin Marshall
85%
Mils Muliaina
81%
Sean Fitzpatrick
81%
Colin Meads
74%
Andrew Hore
70%
Brian Lochore
68%
Wilson Whineray
66%
Chris Laidlaw
45%
Kevin Skinner
26%
No matching quizzes found
Score Distribution
Percent of People with Each Score
Percentile by Number Answered
Your Score History
You have not taken this quiz